The prediction of achievement and creativity / (Record no. 195362)
[ view plain ]
| 000 -LEADER | |
|---|---|
| fixed length control field | 00977cam6a220026500 4500 |
| 001 - CONTROL NUMBER | |
| control field | lce00604209 |
| 008 - FIXED-LENGTH DATA ELEMENTS--GENERAL INFORMATION | |
| fixed length control field | 690113s1968 inua b 001 0 eng |
| 010 ## - LIBRARY OF CONGRESS CONTROL NUMBER | |
| LC control number | 67018662 //r85 |
| 020 ## - INTERNATIONAL STANDARD BOOK NUMBER | |
| Terms of availability | |
| -- | .00 |
| 035 ## - SYSTEM CONTROL NUMBER | |
| System control number | (Sirsi) r114676 |
| 035 ## - SYSTEM CONTROL NUMBER | |
| System control number | (DLC) 67018662 //r85 |
| 035 ## - SYSTEM CONTROL NUMBER | |
| System control number | (UPRA)lce00604209 |
| 040 ## - CATALOGING SOURCE | |
| Modifying agency | UPRA |
| 050 0# - LIBRARY OF CONGRESS CALL NUMBER | |
| Classification number | LB1131 |
| Item number | .C435 |
| 082 ## - DEWEY DECIMAL CLASSIFICATION NUMBER | |
| Classification number | 370.15 |
| 100 1# - MAIN ENTRY--PERSONAL NAME | |
| Personal name | Cattell, Raymond B. (Raymond Bernard), 1905- |
| Fuller form of name | Cattell, Raymond B. (Raymond Bernard), 1905- |
| Dates associated with a name | Cattell, Raymond B. (Raymond Bernard), 1905- |
| Linkage | A4571.1 |
| 245 14 - TITLE STATEMENT | |
| Title | The prediction of achievement and creativity / |
| Statement of responsibility, etc. | [by] Raymond B. Cattell and H.J. Butcher. |
| 260 ## - PUBLICATION, DISTRIBUTION, ETC. | |
| Place of publication, distribution, etc. | Indianapolis : |
| Name of publisher, distributor, etc. | Bobbs-Merrill, |
| Date of publication, distribution, etc. | [1968] |
| 504 ## - BIBLIOGRAPHY, ETC. NOTE | |
| Bibliography, etc. note | Bibliography: p. 355-371. |
| 650 #0 - SUBJECT ADDED ENTRY--TOPICAL TERM | |
| Topical term or geographic name entry element | Prediction of creative ability. |
| Linkage | S57366.1 |
| 650 #0 - SUBJECT ADDED ENTRY--TOPICAL TERM | |
| Topical term or geographic name entry element | Prediction of scholastic success. |
| Linkage | S3637.1 |
| 700 1# - ADDED ENTRY--PERSONAL NAME | |
| Personal name | Butcher, Harold John. |
| Linkage | A77109.1 |
| 949 ## - LOCAL PROCESSING INFORMATION (OCLC) | |
| a | LB1131 |
| w | lcc |
| i | -164851 |
| m | MAIN |
| t | BOOK |
| l | ON-SHELF |
No items available.